Opus 13 para cimarrona /
Kaydedildi:
| Yazar: | |
|---|---|
| Materyal Türü: | Kitap |
| Dil: | Spanish |
| Baskı/Yayın Bilgisi: |
[San José, Costa Rica] :
Ediciones Guayacán,
[1989]
|
| Konular: | |
| Etiketler: |
Etiketle
Etiket eklenmemiş, İlk siz ekleyin!
|
MARC
| LEADER | 00000nam a2200000 a 4500 | ||
|---|---|---|---|
| 001 | 832139 | ||
| 005 | 20150729115851.0 | ||
| 008 | 900417s1989 cr 000 1 spa | ||
| 020 | |a 9977978603 | ||
| 040 | |a DLC |c DLC |d CIICLA | ||
| 082 | 0 | 0 | |a CR863.4 |2 20 |b D948-o |
| 100 | 1 | |a Durán Ayanegui, Fernando |d 1939- | |
| 245 | 1 | 0 | |a Opus 13 para cimarrona / |c Fernando Durán Ayanegui. |
| 260 | |a [San José, Costa Rica] : |b Ediciones Guayacán, |c [1989] | ||
| 300 | |a 211 páginas ; |c 21 centímetros. | ||
| 500 | |a Título del lomo: Opus 13. | ||
| 650 | 4 | |9 9 |a LITERATURA COSTARRICENSE |x CUENTOS | |
| 942 | |2 ddc |c BK | ||
| 999 | |c 4439 |d 4439 | ||



